LIBRARY & INFORMATION CENTRE, KCAET, TAVANUR

ONLINE PUBLIC ACCESS CATALOGUE (OPAC)

Normal view MARC view
  • Malayalam Novel

Entry Topical Term

Number of records used in: 1

001 - CONTROL NUMBER

  • control field: 5695

003 - CONTROL NUMBER IDENTIFIER

  • control field: OSt

005 - DATE AND TIME OF LATEST TRANSACTION

  • control field: 20231116105032.0

008 - FIXED-LENGTH DATA ELEMENTS

  • fixed length control field: 231116|| aca||aabn | a|a d

040 ## - CATALOGING SOURCE

  • Original cataloging agency: OSt
  • Transcribing agency: OSt

150 ## - HEADING--TOPICAL TERM

  • Topical term or geographic name as entry element: Malayalam Novel

670 ## - SOURCE DATA FOUND

  • Source citation: Work cat.: (OSt)17810: Vasantha 5597, Eeerkkayillatha Oolayila
free website counter